Ali ibn sahl rabban at-tabari: the Indian books (Record no. 1230661)

MARC details
000 -LEADER
fixed length control field 00640nam a2200229Ia 4500
005 - DATE AND TIME OF LATEST TRANSACTION
control field 20241129111459.0
008 - FIXED-LENGTH DATA ELEMENTS--GENERAL INFORMATION
fixed length control field 241129s9999||||xx |||||||||||||| ||und||
020 ## - INTERNATIONAL STANDARD BOOK NUMBER
International Standard Book Number 978-90-04-52329-6
037 ## - SOURCE OF ACQUISITION
Stock number TB
040 ## - CATALOGING SOURCE
Original cataloging agency CRL
Language of cataloging eng
Transcribing agency CRL
041 ## - LANGUAGE CODE
Language code of text/sound track or separate title eng
Source of code eng
084 ## - COLON CLASSIFICATION NUMBER
Classification number LB R2
Assigning agency CRL
100 ## - MAIN ENTRY--PERSONAL NAME
Personal name Kahl Oliver
9 (RLIN) 595484
245 #0 - TITLE STATEMENT
Title Ali ibn sahl rabban at-tabari: the Indian books
Statement of responsibility, etc. Kahl Oliver
260 ## - PUBLICATION, DISTRIBUTION, ETC.
Place of publication, distribution, etc. Leiden, Netherland
Name of publisher, distributor, etc. Leiden The
Date of publication, distribution, etc. 2022
300 ## - PHYSICAL DESCRIPTION
Extent 261p.
365 ## - TRADE PRICE
Price type code EURO
Price amount 119
546 ## - LANGUAGE NOTE
Language note Translated from Persian to English
650 ## - SUBJECT ADDED ENTRY--TOPICAL TERM
Topical term or geographic name entry element Ayurveda
9 (RLIN) 723183
942 ## - ADDED ENTRY ELEMENTS (KOHA)
Koha item type Textbook
Classification part LB R2
Holdings
Withdrawn status Lost status Damaged status Not for loan Home library Current library Date acquired Source of acquisition Cost, normal purchase price Inventory number Total Checkouts Full call number Barcode Date last seen Price effective from Koha item type
        Central Library Central Library 2024-11-29 Bright Book Service 119.00 2309 & 23/02/2024   LB R2 CL1681465 2024-11-29 2024-11-29 Textbook
Copyright @ Delhi University Library System